000 01131nam a2200301 4500
003 EG-GICUC
005 20260419101114.0
008 260419b1995 ua|||||fr|||| 00| 0 ara d
017 _a1995/10457
020 _a9775115736
040 _a EG-GICUC
_bara
_c EG-GICUC
_d EG-GICUC
_erda
043 _af-ua---
082 0 4 _221
_a343.661
092 0 4 _221
099 _aLaw1 10 343.661 ن ج . ا 1995
100 0 _aنجوى حافظ
245 1 0 _aاتجاهات جناح الأحداث في خمس سنوات من 1979 إلى 1983 :
_bدراسة إحصائية لاتجاهات جناح الأحداث في محافظتي القاهرة والجيزة /
_cنجوى حافظ.
264 _aالقاهرة:
_bالمركز القومي للبحوث الاجتماعية والجنائية,
_c1995.
300 _a161 صفحة
_c24 سم
336 _2rda content
_atext
337 _2rda media
_aComputer
338 _2rda carrier
_aOnline Resource
650 1 4 _aمجرمون الأحداث
_2qrmak
651 1 _2qrmak
856 4 0 _uhttps://fll.law.cu.edu.eg/fulltext/bks/B10-07513.pdf
905 _a17
942 _2ddc
_n0
_cBK
_e21
999 _c71788
_d71788